000 00622nam a2200205 a 4500
001 000015602
005 20240530073918.0
008 100215s1999 xxc 001 0 spa d
020 _a2922453022
040 _aDO-SdBNP
_bspa
_cBNPHU
082 _aRD863.44
_bJ82d
100 1 _aJorge Morel, Eucilda
_925433
245 1 0 _aDesde la torre azul /
_cEucilda Jorge Morel.
260 _aMontreal :
_bEditions Fourmi Rose,
_c1999.
300 _a109 p. ;
_c21 cm.
590 _aInventariado, 2020/BT
650 0 _aNovela dominicana
_9223
650 0 _aLiteratura dominicana.
_967
910 _aValidado. Control de calidad. MMOLINA
999 _c15157
_d15157